| 000 | 01766ngm a22003970a 4500 | ||
|---|---|---|---|
| 001 | PT50786 | ||
| 003 | AR-LpoUNG | ||
| 005 | 20210202000038.0 | ||
| 007 | vd cvaizq | ||
| 008 | 191001s2005||||ag |||||||||||||||||spa d | ||
| 040 |
_aAR-LpoUNG _bspa _cAR-LpoUNG _eaacr |
||
| 041 | _aspa | ||
| 044 | _aag | ||
| 082 | 0 | _a982.065 344ilu | |
| 100 | 1 |
_aBauer, Tristán _edir. |
|
| 245 | 1 | 0 | _aIluminados por el fuego |
| 260 |
_aBuenos Aires : _bUniversidad de San Martín, _c2005. |
||
| 300 | _aDVD (100 min.) : son., col. | ||
| 505 | 0 | _aInspirado en el libro de Edgardo Esteban y Gustavo Romero Borri. Protagonistas: Gastón Pauls, Virginia Innocenti, Arturo Bonín, Juan Leyrado. Guión: Edgardo Esteban, Gustavo Romero Borri, Tristán Bauer y Miguel Bonasso. Música: Federico Bonasso. Tema musical: León Gieco. | |
| 520 | _aEsteban Leguizamón en 1982 a los 18 años, fue llevado como soldado conscripto a combatir en las Islas Malvinas. A partir del intento de suicidio de uno de sus ex compañeros, Esteban se sumerge en los recuerdos de esa guerra. Allí aparecen no sólo los horrores propios de la guerra, el padecimiento del frío, del hambre y el maltrato de los propios mandos militares, sino también las historias de amistad y compañerismo. A veinte años de la guerra, Esteban decide volver a las islas para reencontrarse con su pasado y cerrar viejas heridas. | ||
| 650 | 4 | _aARGENTINA | |
| 650 | 4 | _aASPECTOS POLITICOS | |
| 650 | 4 | _aDICTADURA | |
| 650 | 4 | _aGOBIERNO MILITAR | |
| 650 | 4 | _aGUERRA | |
| 650 | 4 | _aHISTORIA | |
| 650 | 4 | _aINGLATERRA | |
| 651 | 4 | _aArgentina | |
| 653 | _aBELICO | ||
| 653 | _aCINE ARGENTINO | ||
| 653 | _aDVD | ||
| 653 | _aMALVINAS ARGENTINAS | ||
| 653 | _aVIDEOS | ||
| 905 | _a50786 | ||
| 942 | _cDVD | ||
| 999 |
_c54021 _d54021 |
||